El pájaro pintado
Saved in:
| Hovedforfatter: | |
|---|---|
| Format: | Bog |
| Sprog: | spansk |
| Udgivet: |
Buenos Aires
Pomaire
1978
|
| Fag: | |
| Tags: |
Tilføj Tag
Ingen Tags, Vær først til at tagge denne postø!
|
MARC
| LEADER | 00000nam a2200000 a 4500 | ||
|---|---|---|---|
| 001 | UCI2304 | ||
| 003 | CL-VaPUC | ||
| 008 | 070817e19780000AG |||||||||||||||||spa|d | ||
| 020 | |a 8428602034 | ||
| 082 | 0 | 4 | |a 891.8503 |b KOS |2 21 |
| 100 | |a Kosinski, Jerzy |e author |9 523277 | ||
| 245 | 1 | 3 | |a El pájaro pintado |
| 300 | |a 329 p | ||
| 942 | |c BK | ||
| 945 | |d 20070817 00:00:00 |a rbrito | ||
| 260 | |a Buenos Aires |b Pomaire |c 1978 | ||
| 650 | 7 | |a NOVELAS POLACAS |2 CL-VaPUC |9 348865 | |
| 583 | |a last modification |c 20070817 00:00:00 |k Rodrigo Vera | ||
| 999 | |c 326922 |d 326920 | ||
| 952 | |0 0 |1 0 |4 0 |6 891_850300000000000_KOS_1978 |7 0 |8 A |9 409183 |a BIBEDU |b BIBEDU |d 2019-11-22 |i 4363183 |o 891.8503 KOS 1978 |p 4363183 |r 2019-11-22 |w 2019-11-22 |y BK |k LIT | ||